| 000 | 00540nam a22001697a 4500 | ||
|---|---|---|---|
| 999 |
_c18763 _d18763 |
||
| 008 | 240125b ||||| |||| 00| 0 eng d | ||
| 020 | _a9789388016254 | ||
| 082 |
_22019 _aDC 510 _bAr84 |
||
| 100 |
_aArunachalam, P.V. _950823 |
||
| 245 |
_aMathematical curios / _cP.V. Arunachalam. |
||
| 250 | _aFirst edition. | ||
| 260 |
_aNew Delhi ; _bNeelkamal Publications Pvt. Ltd., _c©2019. |
||
| 300 |
_axxi, 302 pages : _billustrations ; _c24 cm. |
||
| 500 | _aIncludes references and index. | ||
| 650 |
_aMathematics. _951685 |
||
| 942 |
_2ddc _cDC |
||